It looks like you're offline.
Open Library logo
additional options menu

MARC Record from Library of Congress

Record ID marc_loc_2016/BooksAll.2016.part32.utf8:161422432:666
Source Library of Congress
Download Link /show-records/marc_loc_2016/BooksAll.2016.part32.utf8:161422432:666?format=raw

LEADER: 00666cam a2200217 a 4500
001 2005036171
003 DLC
005 20061021081841.0
008 051212r20061963meu d 000 1 eng
010 $a 2005036171
020 $a1597222070 (softcover : alk. paper)
040 $aDLC$cDLC$dDLC
050 10 $aPS3552.L63$bL55 2006
082 00 $a813/.54$222
100 1 $aBlock, Lawrence.
245 10 $aLike a lamb to slaughter /$cLawrence Block ; with an introduction by Joe Gores.
250 $aLarge print ed.
260 $aWaterville, Me. :$bWheeler Pub.,$c2006.
300 $a431 p. (large print) ;$c22 cm.
650 0 $aFantasy fiction, American.
650 0 $aLarge type books.